00493 a2200157 4500010001400000020002300014035001300037037001500050082001500065100001700080245006100097260004000158270007500198300002200273500004000295 aENG-88297 c295.00a8178793911 aEN-71830 bDBAD / PUB14a613.088796 aRajbir Singh1 aGrowth patterns and sports performance/cby Rajbir Singh aNew DelhibSports Publicationc2007 aG-6, 23/23-B, EMCA House, Ansari Road, Darya Ganj,bNew Delhie110 002 a169p.c22cm ( Hb) aIncludes bibliographical references